Súkromná materská škola

Saved in:
Bibliographic Details
Main Author: Csörgei, Levente (Author)
Other Authors: Jakeš, Erik (Thesis advisor)
Format: Manuscript Book
Language:Slovak
Published: 2023
Subjects:
Online Access:http://is.stuba.sk/zp/portal_zp.pl?podrobnosti=169103
https://opac.crzp.sk/?fn=detailBiblioForm&sid=1755732D0F093F437CAA3FEAC795
Tags: Add Tag
No Tags, Be the first to tag this record!

MARC

LEADER 00000ntm a22000003a 4500
001 stuzp93881
003 SK-STU
005 20230914142751.0
007 ta
008 150427s2015----xo-----f-mn---000-0-slo-d
040 |a STU  |b slo 
041 0 |a slo 
100 1 |a Csörgei, Levente  |u 010180  |4 aut  |U SvF Stavebná fakulta  |T SvF Katedra konštrukcií pozemných stavieb  |X 93137  |U V180  |Y 18  |7 93137 
242 0 1 |a Private kindergarten  |y eng 
245 1 0 |a Súkromná materská škola 
260 |c 2023 
650 4 |a súkromná materská škola  |2 slo 
650 4 |a zelené strechy  |2 slo 
650 4 |a novostavba  |2 slo 
650 4 |a deti  |2 slo 
650 4 |a private kindergarten  |2 eng 
650 4 |a green roofs  |2 eng 
650 4 |a new construction  |2 eng 
650 4 |a children  |2 eng 
700 1 |a Jakeš, Erik  |u 010180  |k Z1  |4 ths  |U SvF Stavebná fakulta  |T SvF Katedra konštrukcií pozemných stavieb  |X 2701  |U V180  |Y 18  |7 A000002701 
856 4 |u http://is.stuba.sk/zp/portal_zp.pl?podrobnosti=169103 
856 4 |u https://opac.crzp.sk/?fn=detailBiblioForm&sid=1755732D0F093F437CAA3FEAC795